[Event "George Trundle Reserves"]
[Site "Auckland"]
[Date "2018.07.10"]
[Round "4"]
[White "Lyall, Simon"]
[Black "Cooper, Nigel"]
[Result "1-0"]
[WhiteElo "1642"]
[BlackElo "1586"]
[PlyCount "57"]
[EventDate "2018.07.07"]
[EventType "tourn"]
[EventRounds "9"]
[EventCountry "NZL"]
[SourceTitle "EXT 2019"]
[Source "ChessBase"]
[SourceDate "2018.10.10"]
[SourceVersion "1"]
[SourceVersionDate "2018.10.10"]
[SourceQuality "1"]

1. e4 Nc6 2. Nf3 e5 3. d4 exd4 4. Nxd4 Bc5 5. Be3 Qf6 6. c3 d6 7. Bc4 Qg6 8. 0-0 Ne5 9. Be2 Qxe4 10. Nd2 Qg6 11. Bh5 Qf6 12. Ne4 Qe7 13. Nxc5 dxc5 14. Nb3 b6 15. Re1 Be6 16. f4 Rd8 17. Bd2 Nd3 18. f5 Nxe1 19. fxe6 Qxe6 20. Qxe1 Qxe1+ 21. Rxe1+ Kf8 22. Bf4 c4 23. Nd4 Nf6 24. Bf3 c5 25. Nc6 Re8 26. Bd6+ Kg8 27. Ne7+ Kf8 28. Nd5+ Kg8 29. Nxf6+ 1-0

[Event "Wellington op"]
[Site "Wellington"]
[Date "2018.03.30"]
[Round "1"]
[White "Lyall, Simon"]
[Black "Dive, Russell John"]
[Result "0-1"]
[WhiteElo "1734"]
[BlackElo "2318"]
[PlyCount "74"]
[EventDate "2018.03.30"]
[EventType "swiss"]
[EventRounds "6"]
[EventCountry "NZL"]
[SourceTitle "EXT 2019"]
[Source "ChessBase"]
[SourceDate "2018.10.10"]
[SourceVersion "1"]
[SourceVersionDate "2018.10.10"]
[SourceQuality "1"]

1. e4 c6 2. Nc3 d5 3. Nf3 dxe4 4. Nxe4 Nd7 5. d4 Ngf6 6. Nc3 e6 7. Bd3 Bd6 8. 0-0 0-0 9. Re1 Qc7 10. h3 a6 11. a3 b5 12. Na2 c5 13. c3 Bb7 14. Bg5 h6 15. Be3 Rfe8 16. Rc1 e5 17. dxc5 Nxc5 18. Bc2 Rad8 19. Qe2 Bd5 20. Ra1 Bc4 21. Qd1 Bf8 22. Qc1 a5 23. b4 Nd3 24. Bxd3 Rxd3 25. bxa5 Qxa5 26. Nb4 Rd7 27. Bd2 e4 28. Nd4 Qa8 29. Nf5 Nd5 30. Ng3 Bd6 31. Nxe4 Rxe4 32. Rxe4 Nxb4 33. Rd4 Nc6 34. Re4 Bd5 35. Re1 Ne5 36. Qb1 Bxg2 37. Qxb5 Bxh3 0-1

[Event "Auckland ANZAC op"]
[Site "Auckland"]
[Date "2017.04.22"]
[Round "2"]
[White "Lyall, Simon"]
[Black "Ghadiali, Renae"]
[Result "1-0"]
[WhiteElo "1741"]
[BlackElo "1329"]
[PlyCount "97"]
[EventDate "2017.04.22"]
[EventType "swiss"]
[EventRounds "6"]
[EventCountry "NZL"]
[SourceTitle "CBM 178 Extra"]
[Source "ChessBase"]
[SourceDate "2017.06.22"]
[SourceVersion "1"]
[SourceVersionDate "2017.06.22"]
[SourceQuality "1"]

1. e4 e5 2. Nf3 Nc6 3. d4 exd4 4. Nxd4 Nxd4 5. Qxd4 Nf6 6. Nc3 d6 7. Bf4 Be7 8. 0-0-0 Be6 9. h4 0-0 10. h5 Re8 11. f3 Qd7 12. g4 Red8 13. Be2 h6 14. g5 hxg5 15. Bxg5 Kf8 16. h6 gxh6 17. Bxh6+ Ke8 18. Bg7 Bf8 19. Qxf6 Qe7 20. Qxe7+ Bxe7 21. Rh8+ Kd7 22. Rxd8+ Rxd8 23. e5 Kc6 24. Bb5+ Kb6 25. exd6 Rxd6 26. Rxd6+ cxd6 27. Bd4+ Kc7 28. Kd2 d5 29. Ba4 Kd6 30. Nb5+ Kc6 31. Nxa7+ Kc7 32. Nb5+ Kd8 33. Bb6+ Kc8 34. Nd4 Bd6 35. Ke3 Bc7 36. Bxc7 Kxc7 37. Nxe6+ fxe6 38. Kd4 Kb6 39. Bd7 e5+ 40. Kxd5 Ka5 41. Kxe5 Kb4 42. Kd5 Ka5 43. f4 b5 44. f5 b4 45. f6 Ka6 46. f7 Ka7 47. f8Q Kb6 48. Qc5+ Ka6 49. Bc8# 1-0

[Event "Auckland Morrison Memorial"]
[Site "Auckland"]
[Date "2016.10.21"]
[Round "1"]
[White "Lyall, Simon"]
[Black "Qiu, Daniel"]
[Result "1-0"]
[WhiteElo "1717"]
[BlackElo "1293"]
[PlyCount "79"]
[EventDate "2016.10.21"]
[EventType "swiss"]
[EventRounds "6"]
[EventCountry "NZL"]
[SourceTitle "EXT 2018"]
[Source "ChessBase"]
[SourceDate "2017.10.13"]
[SourceVersion "1"]
[SourceVersionDate "2017.10.13"]
[SourceQuality "1"]

1. e4 e6 2. d4 d5 3. e5 c5 4. c3 Nc6 5. Nf3 Qb6 6. a3 Nh6 7. b4 cxd4 8. cxd4 Nf5 9. Bb2 Be7 10. Be2 0-0 11. 0-0 f6 12. g4 Nh6 13. h3 Bd7 14. Nc3 a6 15. Na4 Qc7 16. Rc1 Rac8 17. Nc5 Nf7 18. Re1 Rfd8 19. Kg2 fxe5 20. dxe5 Qb8 21. Bd3 Na7 22. Bb1 a5 23. Qd3 g6 24. h4 b6 25. Nxd7 Rxd7 26. h5 Nh8 27. Nd4 Rxc1 28. Rxc1 Qxe5 29. Rc2 Qe4+ 30. Qxe4 dxe4 31. bxa5 bxa5 32. Nxe6 gxh5 33. gxh5 Rd6 34. Ba2 Nf7 35. Rc7 Nc6 36. Rc8+ Ncd8 37. Nd4 Bf6 38. Nf5 Rb6 39. Bxf6 Rxf6 40. Rxd8# 1-0

[Event "George Trundle Reserves"]
[Site "Auckland"]
[Date "2016.07.12"]
[Round "4"]
[White "Lyall, Simon"]
[Black "Punsalan, Vyanla M"]
[Result "0-1"]
[WhiteElo "1762"]
[BlackElo "1649"]
[PlyCount "116"]
[EventDate "2016.07.09"]
[EventType "tourn"]
[EventRounds "9"]
[EventCountry "NZL"]
[SourceTitle "EXT 2018"]
[Source "ChessBase"]
[SourceDate "2017.10.13"]
[SourceVersion "1"]
[SourceVersionDate "2017.10.13"]
[SourceQuality "1"]

1. e4 e5 2. Nf3 Nc6 3. d4 exd4 4. Nxd4 Nf6 5. Nxc6 bxc6 6. e5 Nd5 7. c4 Nb6 8. Nd2 Be7 9. Bd3 d5 10. 0-0 0-0 11. Qc2 h6 12. b3 Nd7 13. Nf3 Nc5 14. Bf5 f6 15. Bh7+ Kh8 16. Nh4 f5 17. Nxf5 Ne4 18. Nxe7 Qxe7 19. Bxe4 dxe4 20. Qxe4 Bf5 21. Qxc6 Qxe5 22. Ba3 Rfe8 23. Qd5 Qf6 24. Qf3 Rad8 25. Rfe1 Kh7 26. Rac1 Rd3 27. Qf4 Red8 28. h3 Qg6 29. Re3 Bxh3 30. Qg3 Bg4 31. Rxd3 Rxd3 32. f3 h5 33. Kh2 Qf6 34. Rc2 Bf5 35. Bb2 Qf7 36. Re2 Bg6 37. Qe5 Rd7 38. Rf2 Re7 39. Qg3 Re3 40. Bd4 Rd3 41. Bxa7 c6 42. Bb8 Rd1 43. Be5 Qf5 44. Qf4 Qb1 45. Bd4 Rh1+ 46. Kg3 h4+ 47. Qxh4+ Rxh4 48. Kxh4 Qd3 49. Bb6 Bf7 50. c5 Qf5 51. g4 g5+ 52. Kg3 Qf4+ 53. Kh3 Bd5 54. a4 Bxf3 55. Rxf3 Qxf3+ 56. Kh2 Qxb3 57. a5 Qa3 58. Kg2 Kg6 0-1